Statistics for Zambia Country Quiz

Click here to take the quiz!

General Stats

  • This quiz has been taken 165 times
    (144 since last reset)
  • The average score is 16 of 26

Answer Stats

ClueAnswer% Correct
Bordering countriesZimbabwe
98%
Bordering countriesD.R. Congo
95%
Official languageEnglish
95%
Bordering countriesBotswana
94%
Bordering countriesMozambique
93%
Country that colonized ZambiaUnited Kingdom
92%
Bordering countriesNamibia
92%
Bordering countriesMalawi
91%
Bordering countriesTanzania
91%
World's largest waterfall systemVictoria Falls
89%
Bordering countriesAngola
89%
Largest animalAfrican Elephant
86%
Capital cityLusaka
81%
Longest riverZambezi
73%
Colonial name of ZambiaNorthern Rhodesia
59%
African Great Lakes Zambia bordersTanganyika
59%
Scottish missionary for whom a
border town is named
David Livingstone
50%
Mineral that is the main exportCopper
45%
Countries federated with (1953–63)Southern Rhodesia
27%
CurrencyKwacha
22%
National animalAfrican {Fish} Eagle
21%
World's largest man-made lakeKariba
19%
Countries federated with (1953–63)Nyasaland
18%
Most common first languagesChewa
15%
Most common first languagesBemba
15%
African Great Lakes Zambia bordersMweru
12%

Score Distribution

Percentile by Number Answered

Percent of People with Each Score

Your Score History

You have not taken this quiz since the last reset